Statistiques concernant Jurassic Park 1

Cliquez ici pour prendre le quiz!

Statistiques générales

  • Ce quiz a été pris 345 fois
    (339 depuis la dernière actualisation)
  • Le résultat moyen est 16 sur 20

Statistiques - réponses

QuestionRéponse% Correct
Dans le cadavre de quel animal trouve-t-on par hasard le sang de dinosaure dont l'ADN a permis le clone des dinosaures?Moustique
98%
Où se trouve le Jurassic Park?Au Costa Rica
95%
Qui a eu l'idée d'instaurer un parc de dinosaures?John Parker Hammond
94%
Pendant les arrêts des voitures électriques, un dinosaure T-Rex apparaît. Terrifié, Gennaro a laissé les enfants Lex et Tim dans la voiture, et il s'enfuit tout seul. Mais où s'est-il enfui ?Dans les toilettes
93%
Qui a profité de la tempête pour détruire le système de sécurité du parc?Dennis Nedry
93%
Où dorment Alan Grant et les enfants?Sur un arbre
93%
Au moment où Alan Grant cherchait Ellie Sattler, où Lex et Tim ont été poursuivis par deux raptors ?Dans la cuisine
92%
Au moment où les visiteurs prennent deux voitures électriques pour entamer la visite de Jurassic Park, qu'est-ce qui arrive et cause la panne du courant électrique qui force les voitures de s'arrêter en pleine route ?Une tempête tropicale
92%
Quel animal a permis de récolter l'ADN des dinosaures?La grenouille
91%
Le T-Rex était sur la route, juste au milieu de deux voitures électriques. Mais ce T-Rex a préféré d'attaquer la voiture de Lex et Tim plutôt que celle d'Alan Grant et Malcolm. Comment peut-on expliquer cela ?La lumière émise par la torche électrique que Lex tenait a attiré le T-Rex
90%
Lex et Tim ont été réveillés par...Les brachiosaures
90%
Comment le groupe des visiteurs a été sauvé?Le T-Rex a attaqué et tué les raptors
86%
Quelle erreur a fait Lex?Elle pense que les brachiosaurus sont carnivores
81%
Pendant ce temps-là, que fait Nedry?Il vole un embryon
72%
Qu'est-ce qui s'est passé ensuite?Malcolm est blessé, Muldoon et Sattler se rendent sur le lieu pour le sauver
65%
Qu'est-ce qui se passe après qu'on a rétabli le système de sécurité et le système téléphonique ?Les visiteurs se sont enfuis vers le hall principal où il y a une grande squelette de dinosaure
61%
Quelle association "nom - profession" est incorrecte?Ian Malcolm - docteur
57%
Pendant qu'Alan Grant et les enfants se dirigent vers le centre des visiteurs, qu'est-ce qui ne s'est pas passé ?Le T-Rex chasse les ptéranodons
57%
Pendant et après le sauvetage des deux enfants, qu'est-ce qui ne s'est pas passé dans le film ?Arnold rétablit le courant électrique
46%
Pendant le voyage, le groupe des visiteurs a vu...Les vélociraptors responsables de la mort d'un employé d'InGen
41%

Distribution des résultats

Percentile par nombre de réponses

% des personnes avec chaque résultat

Votre développement - résultats

Vous n’avez pas pris ce quiz depuis la dernière actualisation